Southville International School and Colleges
Your cart is empty.
  • Cart
  • Lists
    Public lists Eva Luna New books Lux_list list_1
    Your lists Log in to create your own lists
  • Log in to your account
  • Your cookies
  • Search history
Southville International School and Colleges
  • Advanced search
  • Recent comments
  • Most popular
  • Libraries

Log in to your account

Log in with GOOGLE


If you do not have an external account, but do have a local account, you can still log in:

  1. Home
  2. MARC view: Science starter /
Normal view MARC view ISBD view

Science starter / (Record no. 112361)

[ view plain ]
MARC details
000 -LEADER
fixed length control field 00508nam a2200181 a 4500
001 - CONTROL NUMBER
control field 3889
005 - DATE AND TIME OF LATEST TRANSACTION
control field 20140414131934.0
008 - FIXED-LENGTH DATA ELEMENTS--GENERAL INFORMATION
fixed length control field 970101s19uu xx 00 eng d
020 ## - INTERNATIONAL STANDARD BOOK NUMBER
International Standard Book Number 0-8094-4881-5
050 ## - LIBRARY OF CONGRESS CALL NUMBER
Classification number REF 500
Item number Ch34 2004
245 ## - TITLE STATEMENT
Title Science starter /
Statement of responsibility, etc editor C. E. Berry.
260 ## - PUBLICATION, DISTRIBUTION, ETC. (IMPRINT)
Place of publication, distribution, etc Hong Kong :
Name of publisher, distributor, etc Time-Life Books,
Date of publication, distribution, etc 1989.
300 ## - PHYSICAL DESCRIPTION
Extent 87 p. ; cm.
440 ## - SERIES STATEMENT/ADDED ENTRY--TITLE
Title A Child's first library of learning
650 ## - SUBJECT ADDED ENTRY--TOPICAL TERM
Topical term or geographic name as entry element Science
General subdivision Miscellanea.
650 ## - SUBJECT ADDED ENTRY--TOPICAL TERM
Topical term or geographic name as entry element Questions and answers.
Holdings
Withdrawn status Lost status Damaged status Use restrictions Home library Current library Shelving location Date acquired Source of acquisition Total Checkouts Full call number Barcode Date last seen Price effective from Koha item type
        Munich Library Munich Library Reference Section 06/02/2004     REF 500 Ch34 2004 M3647 04/14/2014 04/14/2014 Books

Science starter /

APA

(1989). Science starter. Hong Kong: Time-Life Books.

Chicago

1989. Science starter. Hong Kong: Time-Life Books.

Harvard

(1989). Science starter. Hong Kong: Time-Life Books.

MLA

Science starter. Hong Kong: Time-Life Books. 1989.

  • Place hold
  • Print
  • Cite
  • Add to your cart (remove)
  • Save record
    BIBTEX Dublin Core MARCXML MARC (non-Unicode/MARC-8) MARC (Unicode/UTF-8) MARC (Unicode/UTF-8, Standard) MODS (XML) RIS
  • More searches
    Search for this title in:
    Other Libraries (WorldCat) Other Databases (Google Scholar) Online Stores (Bookfinder.com) Open Library (openlibrary.org)

Exporting to Dublin Core...

SOUTHVILLE LIBRARY

Southville International School and Colleges Library

1281 Tropical Ave. Cor. Luxembourg St., BF Homes International, Las Pinas City

Tel. No. 8256374 / 252358 Loc. 117/146

Powered by Koha